LEADER 01097nam0-2200361---450- 001 990009381850403321 005 20110714105825.0 010 $a978-88-568-3350-8 035 $a000938185 035 $aFED01000938185 035 $a(Aleph)000938185FED01 035 $a000938185 100 $a20110620d2011----km-y0itay50------ba 101 0 $aita 102 $aIT 105 $a--------001cy 200 1 $a<>bambino negato$ecostruzione sociale della devianza$fPaola Donadi, Maria Morello, Angelo Catricalà$gprefazione di Loredano Matteo Lorenzetti 210 $aFrancoAngeli$cMilano$d2011 215 $a219 p.$d22 cm 225 1 $aFigure del sapere$v5 320 $aContiene bibl. (pp. 214-219) 610 0 $aDevianza$aAspetti sociali 676 $a302.542$v22$zita 700 1$aDonadi,$bPaola$0495486 701 1$aMorello,$bMaria$0511520 701 1$aCatricalà,$bAngelo$0511521 801 0$aIT$bUNINA$gRICA$2UNIMARC 901 $aBK 912 $a990009381850403321 952 $a302.542 DON 1$b5114$fBFS 959 $aBFS 996 $aBambino negato$9762971 997 $aUNINA LEADER 01011nam a2200253 i 4500 001 991000182099707536 005 20020506123110.0 008 001103s1961 it ||| | ita 035 $ab10665626-39ule_inst 035 $aEXGIL140972$9ExL 040 $aBiblioteca Interfacoltà$bita 082 0 $a891.84 100 1 $aMeriggi, Bruno$0165546 245 10$aStoria della letteratura slovena con un profilo della letteratura serbo-lusaziana /$cBruno Meriggi 260 $aMilano :$bNuova Accademia,$c1961 300 $a408 p. :$b1 tav., 1 c. geogr. ;$c21 cm. 490 0 $aThesaurus litterarum. Sez. 1, Storia delle letterature di tutto il mondo 650 4$aLetteratura slovena$xStoria 907 $a.b10665626$b23-02-17$c28-06-02 912 $a991000182099707536 945 $aLE002 It. X E 18$g1$i2002000965776$lle002$o-$pE0.00$q-$rl$s- $t0$u0$v0$w0$x0$y.i10757077$z28-06-02 996 $aStoria della letteratura slovena$9483792 997 $aUNISALENTO 998 $ale002$b01-01-00$cm$da $e-$fita$git $h0$i1